| 000 | 00954cam a22002531i 4500 | ||
|---|---|---|---|
| 003 | OSt | ||
| 005 | 20250523133048.0 | ||
| 008 | 250522s2019 iq g 000 0 ara c | ||
| 040 |
_aSA-JeALM _bara _cSA-RiAUC _erda |
||
| 082 | 0 | 4 |
_a247 _qSA-RiAUC |
| 090 |
_a247 _b ي ز د |
||
| 100 | 1 |
_aاليزدي، محمد تقي مصباح، _d1934- _eمؤلف. |
|
| 245 | 1 | 0 |
_aدروس في العقيدة الإسلامية / _cتأليف محمد تقي مصباح اليزدي. |
| 250 | _aالطبعة الثانية. | ||
| 264 | 1 |
_aطهران - ايران : _bالركة العالمية للطباعة، _c1995 |
|
| 300 |
_aمجلدات ؛ _c22 سم. |
||
| 336 |
_aنص _btxt _2rdacontent _3كتاب |
||
| 337 |
_aبدون وسيط _bn _2rdamedia |
||
| 338 |
_aمجلد _bnc _2rdacarrier |
||
| 650 | 7 |
_aعلم الكلام (شيعة) _2aucsh |
|
| 650 | 7 |
_aعقائد الشيعة _2aucsh |
|
| 942 |
_2ddc _cBOOK _n0 |
||
| 949 |
_aSA-JeALM _d250522 _uosman123 _n1 |
||
| 999 |
_c8253 _d8253 |
||